Legends Of the Outer Banks and Tar Heel Tidewater/ (Record no. 8408)

000 -LEADER
fixed length control field 00499nam a2200145 4500
008 - FIXED-LENGTH DATA ELEMENTS--GENERAL INFORMATION
fixed length control field 151012b xxu||||| |||| 00| 0 eng d
020 ## - INTERNATIONAL STANDARD BOOK NUMBER
International Standard Book Number 0910244413
050 ## - LIBRARY OF CONGRESS CALL NUMBER
Classification number SPE F 262.A19 .W44 1996
100 ## - MAIN ENTRY--PERSONAL NAME
Personal name Whedbee, Charles Harry.
Dates associated with a name 1996.
245 ## - TITLE STATEMENT
Title Legends Of the Outer Banks and Tar Heel Tidewater/
Statement of responsibility, etc. Whedbee, charles Harry.
260 ## - PUBLICATION, DISTRIBUTION, ETC. (IMPRINT)
Place of publication, distribution, etc. USA:
Name of publisher, distributor, etc. John F. Blair,
Date of publication, distribution, etc. 1996.
300 ## - PHYSICAL DESCRIPTION
Extent viii,165p.:
650 ## - SUBJECT ADDED ENTRY--TOPICAL TERM
Topical term or geographic name as entry element English Fiction
942 ## - ADDED ENTRY ELEMENTS (KOHA)
Source of classification or shelving scheme
Koha item type Short Loan Books
Classification part SPE F 262.A19 .W44 1996
Holdings
Withdrawn status Lost status Source of classification or shelving scheme Damaged status Not for loan Home library Current library Shelving location Date acquired Source of acquisition Total Checkouts Full call number Barcode Date last seen Price effective from Koha item type
          MACHAKOS UNIVERSITY LIBRARY MACHAKOS UNIVERSITY LIBRARY Special Collection 12/10/2015 Donation (B.F.A)   SPE F 262.A19 .W44 1996 11865 12/10/2015 12/10/2015 Special Collection
© Machakos University Library, Along The Highway, Machakos Wote Rd, Machakos, Kenya P.O. Box 136 - 90100 Machakos - Kenya

Tel: ( +254 ) 723 805829 OR Fax : 044-20353 OR Email: library@mksu.ac.ke